Indian Air Force Airmen Group X & Y/ (Record no. 185180)

MARC details
000 -LEADER
fixed length control field 00608nam a22001817a 4500
005 - DATE AND TIME OF LATEST TRANSACTION
control field 20220131110759.0
010 ## - LCCN (DPL NO)
LC control number ENG-131329
020 ## - INTERNATIONAL STANDARD BOOK NUMBER
International Standard Book Number 9789353226152
Terms of availability 295.00
035 ## - SYSTEM CONTROL NUMBER
System control number EN-114861
037 ## - SOURCE OF ACQUISITION
Source of stock number/acquisition DBAD
082 ## - DEWEY DECIMAL CLASSIFICATION NUMBER
Classification number 000
100 ## - MAIN ENTRY--PERSONAL NAME
Personal name Mishra, Prakash
245 ## - TITLE STATEMENT
Title Indian Air Force Airmen Group X & Y/
Remainder of title Technical & Non-Technical Trades Exams-2021:
Statement of responsibility, etc Prakash Mishra
260 ## - PUBLICATION, DISTRIBUTION, ETC. (IMPRINT)
Place of publication, distribution, etc New Delhi
Name of publisher, distributor, etc Prabhat Exam
Date of publication, distribution, etc 2021
270 ## - ADDRESS
City New Delhi
Address 4/19, Asaf Ali Road
Postal code 110002
Telephone number 23289555, 23289666, 23289777
Electronic mail address prabhatbooks@gmail.com
300 ## - PHYSICAL DESCRIPTION
Extent 324p.
Dimensions 28cm(pbk)
942 ## - ADDED ENTRY ELEMENTS (KOHA)
Source of classification or shelving scheme Dewey Decimal Classification
Item type English Books
Classification part 000
Call number suffix MIS
Holdings
Withdrawn status Lost status Not for loan Collection code Home library Current library Date acquired Source of acquisition Cost, normal purchase price Full call number Barcode Copy number Cost, replacement price Koha item type
      Non-fiction Ashok Vihar Ashok Vihar 31/01/2022 DBAD/PUB 295.00 000 MIS EN-114861 1 295.00 English Books

© Delhi Public Library
Hit Counter
free hit counter